Combien de ville du Calvados (14) connais-tu ? - Statistiques

Statistiques générales
  • Ce quiz a été pris 30 fois
  • Le résultat moyen est 36 sur 528
Statistiques - réponses
Code Postal Ville % Correct
14052 Caen
100%
14100 Lisieux
91%
14404 Bayeux
78%
14800 Deauville
78%
14390 Cabourg
65%
14602 Honfleur
65%
14120 Mondeville
65%
14150 Ouistreham
65%
14130 Pont-l'Évêque
65%
14700 Falaise
61%
14200 Hérouville-Saint-Clair
57%
14160 Dives-sur-Mer
52%
14123 Ifs
48%
14670 Troarn
48%
14510 Houlgate
43%
14640 Villers-sur-Mer
43%
14690
39%
14760 Bretteville-sur-Odon
39%
14650 Carpiquet
39%
14123 Fleury-sur-Orne
39%
14570 Clécy
35%
14430 Dozulé
35%
14780 Lion-sur-Mer
35%
14530 Luc-sur-Mer
35%
14360 Trouville-sur-Mer
35%
14790 Verson
30%
14310 Villers-Bocage
30%
14550 Blainville-sur-Orne
26%
14123 Cormelles-le-Royal
26%
14023 Courseulles-sur-Mer
26%
14111 Louvigny
26%
14290 Orbec
26%
14930 Vieux
26%
14501 Vire Normandie
26%
14370 Argences
22%
14860 Bavent
22%
14970 Bénouville
22%
14112 Biéville-Beuville
22%
14630 Cagny
22%
14340 Cambremer
22%
14800 Canapville
22%
14460 Colombelles
22%
14930 Éterville
22%
14210 Évrecy
22%
14230 Isigny-sur-Mer
22%
14740 Rots
22%
14800 Saint-Arnoult
22%
14170 Saint-Pierre-en-Auge
22%
14540 Soliers
22%
14800 Touques
22%
14860 Amfreville
17%
14117 Arromanches-les-Bains
17%
14640 Auberville
17%
14280 Authie
17%
14950 Beaumont-en-Auge
17%
14910 Blonville-sur-Mer
17%
14540 Bourguébus
17%
14680 Bretteville-sur-Laize
17%
14110 Condé-en-Normandie
17%
14610 Épron
17%
14600 Équemauville
17%
14630 Frénouville
17%
14850 Hérouvillette
17%
14930 Maltot
17%
14920 Mathieu
17%
14100 Ouilly-le-Vicomte
17%
14860 Ranville
17%
14053 Saint-Contest
17%
14740 Saint-Manvieu-Norrey
17%
Sannerville
17%
14610 Thaon
17%
14113 Villerville
17%
14600 Ablon
13%
14210 Amayé-sur-Orne
13%
14370 Bellengreville
13%
14430 Beuvron-en-Auge
13%
14130 Blangy-le-Château
13%
14210 Bougy
13%
14430 Branville
13%
14130 Breuil-en-Auge
13%
14610 Cairon
13%
14230 Cambe
13%
14610 Cambes-en-Plaine
13%
14130 Coquainvilliers
13%
14840 Cuverville
13%
14440 Douvres-la-Délivrande
13%
14790 Fontaine-Étoupefour
13%
14730 Giberville
13%
14100 Glos
13%
14220 Grimbosq
13%
14100 Hermival-les-Vaux
13%
14810 Merville-Franceville-Plage
13%
14270 Mézidon Vallée d'Auge
13%
14590 Moyaux
13%
14220 Mutrécy
13%
14690 Pont-d'Ouilly
13%
14420 Potigny
13%
14130 Saint-Gatien-des-Bois
13%
14280 Saint-Germain-la-Blanche-Herbe
13%
14130 Saint-Martin-aux-Chartrains
13%
14320 Saint-Martin-de-Fontenay
13%
14570 Saint-Rémy
13%
14190 Saint-Sylvain
13%
14250 Tilly-sur-Seulles
13%
14800 Tourgéville
13%
14390 Varaville
13%
14610 Anisy
9%
14960 Asnelles
9%
14250 Audrieu
9%
14240 Aurseulles
9%
14610 Basly
9%
14910 Benerville-sur-Mer
9%
14220 Boulon
9%
14240 Cahagnes
9%
14680 Cintheaux
9%
14880 Colleville-Montgomery
9%
14480 Creully sur Seulles
9%
14840 Démouville
9%
14260 Dialan sur Chaîne
9%
14170 Épaney
9%
14320 Fontenay-le-Marmion
9%
14210 Gavrus
9%
14450 Grandcamp-Maisy
9%
14540 Grentheville
9%
14430 Hotot-en-Auge
9%
14140 Livarot-Pays-d'Auge
9%
14130 Manneville-la-Pipard
9%
14320 May-sur-Orne
9%
14790 Mouen
9%
14380 Noues de Sienne
9%
14600 Pennedepie
9%
14590 Pin
9%
14430 Putot-en-Auge
9%
14130 Reux
9%
14100 Rocques
9%
14320 Saint-André-sur-Orne
9%
14380 Saint-Aubin-des-Bois
9%
14750 Saint-Aubin-sur-Mer
9%
14100 Saint-Désir
9%
14950 Saint-Étienne-la-Thillaye
9%
14130 Saint-Hymer
9%
14100 Saint-Martin-de-la-Lieue
9%
14400 Saint-Martin-des-Entrées
9%
14950 Saint-Pierre-Azif
9%
14700 Saint-Pierre-du-Bû
9%
14350 Souleuvre en Bocage
9%
14130 Surville
9%
14210 Thue et Mue
9%
14140 Val-de-Vie
9%
14114 Ver-sur-Mer
9%
14370 Vimont
9%
14430 Angerville
4%
14430 Annebault
4%
14700 Aubigny
4%
14940 Banneville-la-Campagne
4%
14340 Beaufour-Druval
4%
14380 Beaumesnil
4%
14340 Belle Vie en Auge
4%
14100 Beuvillers
4%
14260 Bonnemaison
4%
14130 Bonneville-la-Louvet
4%
14130 Brévedent
4%
14860 Bréville-les-Monts
4%
14710 Bricqueville
4%
14490 Cahagnolles
4%
14740 Carcagny
4%
14540 Castelet
4%
14540 Castine-en-Plaine
4%
14240 Caumont-sur-Aure
4%
14190 Cauvicourt
4%
14220 Cesny-les-Sources
4%
14130 Clarbec
4%
14100 Courtonne-la-Meurdrac
4%
14290 Courtonne-les-Deux-Églises
4%
14260 Courvaudon
4%
14440 Cresserons
4%
14430 Cresseveuille
4%
14113 Cricquebœuf
4%
14220 Croisilles
4%
14220 Culey-le-Patry
4%
14430 Danestal
4%
14430 Douville-en-Auge
4%
14130 Drubec
4%
14250 Ducy-Sainte-Marguerite
4%
14310 Épinay-sur-Odon
4%
14700 Eraines
4%
14850 Escoville
4%
14130 Faulq
4%
14320 Feuguerolles-Bully
4%
14100 Firfol
4%
14600 Fourneville
4%
14680 Fresney-le-Puceux
4%
14590 Fumichon
4%
14600 Genneville
4%
14810 Gonneville-en-Auge
4%
14600 Gonneville-sur-Honfleur
4%
14510 Gonneville-sur-Mer
4%
14430 Goustranville
4%
14680 Gouvix
4%
14190 Grainville-Langannerie
4%
14160 Grangues
4%
14880 Hermanville-sur-Mer
4%
14430 Heuland
4%
14700 Hoguette
4%
14250 Hottot-les-Bagues
4%
14670 Janville
4%
14380 Landelles-et-Coupigny
4%
14310 Landes-sur-Ajon
4%
14830 Langrune-sur-Mer
4%
14210 Maisoncelles-sur-Ajon
4%
14260 Malherbe-sur-Ajon
4%
14100 Marolles
4%
14370 Méry-Bissières-en-Auge
4%
14100 Mesnil-Guillaume
4%
14330 Molay-Littry
4%
14210 Mondrainville
4%
14260 Monts d'Aunay
4%
14310 Monts-en-Bessin
4%
14370 Moult-Chicheboville
4%
14590 Ouilly-du-Houley
4%
14390 Petiville
4%
14690 Pierrefitte-en-Cinglais
4%
14380 Pont-Bellanger
4%
14600 Rivière-Saint-Sauveur
4%
14740 Rosel
4%
14340 Rumesnil
4%
14130 Saint-André-d'Hébertot
4%
14970 Saint-Aubin-d'Arquenay
4%
14130 Saint-Benoît-d'Hébertot
4%
14380 Sainte-Marie-Outre-l'Eau
4%
14100 Saint-Germain-de-Livet
4%
14190 Saint-Germain-le-Vasson
4%
14430 Saint-Jouin
4%
14430 Saint-Léger-Dubosq
4%
14700 Saint-Martin-de-Mieux
4%
14130 Saint-Philbert-des-Champs
4%
14670 Saint-Samson
4%
14640 Saint-Vaast-en-Auge
4%
14400 Saint-Vigor-le-Grand
4%
14240 Sallen
4%
14121 Sallenelles
4%
14170 Sassy
4%
14700 Soulangy
4%
14400 Subles
4%
14770 Terres de Druance
4%
14220 Thury-Harcourt-le-Hom
4%
14940 Touffréville
4%
14130 Tourville-en-Auge
4%
14210 Tourville-sur-Odon
4%
14190 Urville
4%
14420 Ussy
4%
14410 Valdallière
4%
14210 Val d'Arry
4%
14290 Valorbiquet
4%
14340 Valsemé
4%
14700 Versainville
4%
14130 Vieux-Bourg
4%
14610 Villons-les-Buissons
4%
14310 Villy-Bocage
4%
14400 Agy
0%
14310 Amayé-sur-Seulles
0%
14400 Arganchy
0%
14710 Asnières-en-Bessin
0%
14520 Aure sur Mer
0%
14130 Authieux-sur-Calonne
0%
14340 Auvillars
0%
14210 Avenay
0%
14490 Balleroy-sur-Drôme
0%
14480 Banville
0%
14220 Barbery
0%
14400 Barbeville
0%
14600 Barneville-la-Bertran
0%
14210 Baron-sur-Odon
0%
14620 Barou-en-Auge
0%
14670 Basseneville
0%
14480 Bazenville
0%
14490 Bazoque
0%
14620 Beaumais
0%
14440 Bény-sur-Mer
0%
14710 Bernesq
0%
14170 Bernières-d'Ailly
0%
14990 Bernières-sur-Mer
0%
14400 Blay
0%
14340 Boissière
0%
14340 Bonnebosq
0%
14800 Bonneville-sur-Touques
0%
14700 Bonnœil
0%
14420 Bons-Tassilly
0%
14430 Bourgeauville
0%
14260 Brémoy
0%
14190 Bretteville-le-Rabet
0%
14330 Breuil-en-Bessin
0%
14160 Brucourt
0%
14250 Bucéels
0%
14190 Bû-sur-Rouvres
0%
14210 Caine
0%
14500 Campagnolles
0%
14490 Campigny
0%
14230 Canchy
0%
14370 Canteloup
0%
14230 Cardonville
0%
14330 Cartigny-l'Épinay
0%
14490 Castillon
0%
14140 Castillon-en-Auge
0%
14770 Cauville
0%
14290 Cernay
0%
14270 Cesny-aux-Vignes
0%
14250 Chouain
0%
14370 Cléville
0%
14710 Colleville-sur-Mer
0%
14710 Colombières
0%
14480 Colombiers-sur-Seulles
0%
14610 Colomby-Anguerny
0%
14220 Combray
0%
14520 Commes
0%
Condé-sur-Ifs
0%
14400 Condé-sur-Seulles
0%
14100 Cordebugle
0%
14700 Cordey
0%
14240 Cormolain
0%
14690 Cossesseville
0%
14400 Cottun
0%
14170 Courcy
0%
14480 Crépon
0%
14430 Cricqueville-en-Auge
0%
14450 Cricqueville-en-Bessin
0%
14250 Cristot
0%
14620 Crocy
0%
14400 Crouay
0%
14400 Cussy
0%
14620 Damblainville
0%
14690 Détroit
0%
14230 Deux-Jumeaux
0%
14220 Donnay
0%
14250 Ellon
0%
14630 Émiéville
0%
14800 Englesqueville-en-Auge
0%
14710 Englesqueville-la-Percée
0%
14270 Ernes
0%
14220 Espins
0%
14210 Esquay-Notre-Dame
0%
14400 Esquay-sur-Seulles
0%
14220 Esson
0%
14190 Estrées-la-Campagne
0%
14400 Étréham
0%
14100 Fauguernon
0%
14130 Fierville-les-Parcs
0%
14710 Folie
0%
14290 Folletière-Abenon
0%
14610 Fontaine-Henry
0%
14190 Fontaine-le-Pin
0%
14250 Fontenay-le-Pesnel
0%
14340 Formentin
0%
14710 Formigny La Bataille
0%
14240 Foulognes
0%
14620 Fourches
0%
14700 Fourneaux-le-Val
0%
14340 Fournet
0%
14480 Fresne-Camilly
0%
14700 Fresné-la-Mère
0%
14220 Fresney-le-Vieux
0%
14230 Géfosse-Fontenay
0%
14430 Gerrots
0%
14950 Glanville
0%
14210 Grainville-sur-Odon
0%
14470 Graye-sur-Mer
0%
14400 Guéron
0%
14100 Hôtellerie
0%
14340 Houblonnière
0%
14690 Isles-Bardel
0%
14170 Jort
0%
14250 Juaye-Mondaye
0%
14250 Juvigny-sur-Seulles
0%
14320 Laize-Clinchamps
0%
14340 Léaupartie
0%
14700 Leffard
0%
14140 Lessard-et-le-Chêne
0%
14250 Lingèvres
0%
14330 Lison
0%
14140 Lisores
0%
14490 Litteau
0%
14240 Loges
0%
14700 Loges-Saulces
0%
14400 Longues-sur-Mer
0%
14230 Longueville
0%
14310 Longvillers
0%
14250 Loucelles
0%
14170 Louvagny
0%
14400 Magny-en-Bessin
0%
14310 Maisoncelles-Pelvey
0%
14400 Maisons
0%
14210 Maizet
0%
14190 Maizières
0%
14710 Mandeville-en-Bessin
0%
14340 Manerbe
0%
14400 Manoir
0%
14117 Manvieux
0%
14620 Marais-la-Chapelle
0%
14220 Martainville
0%
14700 Martigny-sur-l'Ante
0%
14220 Meslay
0%
14260 Mesnil-au-Grain
0%
14100 Mesnil-Eudes
0%
14380 Mesnil-Robert
0%
14140 Mesnil-Simon
0%
14130 Mesnil-sur-Blangy
0%
14690 Mesnil-Villement
0%
14960 Meuvaines
0%
14100 Monceaux
0%
14400 Monceaux-en-Bessin
0%
14230 Monfréville
0%
14490 Montfiquet
0%
14210 Montigny
0%
14210 Montillières-sur-Orne
0%
14340 Montreuil-en-Auge
0%
14620 Morteaux-Coulibœuf
0%
14400 Mosles
0%
14220 Moulines
0%
14740 Moulins-en-Bessin
0%
14620 Moutiers-en-Auge
0%
14220 Moutiers-en-Cinglais
0%
14400 Nonant
0%
14100 Norolles
0%
14700 Noron-l'Abbaye
0%
14490 Noron-la-Poterie
0%
14620 Norrey-en-Auge
0%
14340 Notre-Dame-de-Livaye
0%
14340 Notre-Dame-d'Estrées-Corbon
0%
14170 Olendon
0%
14230 Osmanville
0%
14270 Ouézy
0%
14220 Ouffières
0%
14190 Ouilly-le-Tesson
0%
14310 Parfouru-sur-Odon
0%
14160 Périers-en-Auge
0%
14112 Périers-sur-le-Dan
0%
14770 Périgny
0%
14170 Perrières
0%
14700 Pertheville-Ners
0%
14130 Pierrefitte-en-Auge
0%
14690 Pierrepont
0%
14490 Planquery
0%
14440 Plumetot
0%
14690 Pommeraye
0%
14110 Pontécoulant
0%
14480 Ponts sur Seulles
0%
14520 Port-en-Bessin-Huppain
0%
14210 Préaux-Bocage
0%
14340 Pré-d'Auge
0%
14140 Prêtreville
0%
14130 Quetteville
0%
14400 Ranchy
0%
14690 Rapilly
0%
14340 Repentigny
0%
14470 Reviers
0%
14340 Roque-Baignard
0%
14190 Rouvres
0%
14710 Rubercy
0%
14400 Ryes
0%
14960 Saint-Côme-de-Fresné
0%
14100 Saint-Denis-de-Mailloc
0%
14110 Saint-Denis-de-Méré
0%
14480 Sainte-Croix-sur-Mer
0%
14240 Sainte-Honorine-de-Ducy
0%
14210 Sainte-Honorine-du-Fay
0%
14330 Sainte-Marguerite-d'Elle
0%
14230 Saint-Germain-du-Pert
0%
14700 Saint-Germain-Langot
0%
14100 Saint-Jean-de-Livet
0%
14130 Saint-Julien-sur-Calonne
0%
14570 Saint-Lambert
0%
14220 Saint-Laurent-de-Condel
0%
14710 Saint-Laurent-sur-Mer
0%
14310 Saint-Louet-sur-Seulles
0%
14400 Saint-Loup-Hors
0%
14330 Saint-Marcouf
0%
14290 Saint-Martin-de-Bienfaite-la-Cressonnière
0%
14710 Saint-Martin-de-Blagny
0%
14100 Saint-Martin-de-Mailloc
0%
14220 Saint-Omer
0%
14670 Saint-Ouen-du-Mesnil-Oger
0%
14340 Saint-Ouen-le-Pin
0%
14670 Saint-Pair
0%
14490 Saint-Paul-du-Vernay
0%
14700 Saint-Pierre-Canivet
0%
14100 Saint-Pierre-des-Ifs
0%
14260 Saint-Pierre-du-Fresne
0%
14670 Saint-Pierre-du-Jonquet
0%
14450 Saint-Pierre-du-Mont
0%
14250 Saint-Vaast-sur-Seulles
0%
14330 Saon
0%
14330 Saonnet
0%
14260 Seulline
0%
14190 Soignolles
0%
14400 Sommervieu
0%
14420 Soumont-Saint-Quentin
0%
14400 Sully
0%
14710 Surrain
0%
14250 Tessel
0%
14130 Theil-en-Auge
0%
14130 Torquesne
0%
14400 Tour-en-Bessin
0%
14330 Tournières
0%
14310 Tracy-Bocage
0%
14117 Tracy-sur-Mer
0%
14690 Tréprel
0%
14710 Trévières
0%
14490 Tronquay
0%
14490 Trungy
0%
14210 Vacognes-Neuilly
0%
14370 Valambray
0%
14240 Val de Drôme
0%
14400 Vaucelles
0%
14800 Vauville
0%
14400 Vaux-sur-Aure
0%
14400 Vaux-sur-Seulles
0%
14250 Vendes
0%
14170 Vendeuvre
0%
14290 Vespière-Friardel
0%
14570 Vey
0%
14170 Vicques
0%
14430 Victot-Pontfol
0%
14400 Vienne-en-Bessin
0%
14710 Vierville-sur-Mer
0%
14700 Vignats
0%
14420 Villers-Canivet
0%
14570 Villette
0%
14700 Villy-lez-Falaise
0%
Aucun quiz correspondant
Distribution des résultats
% des personnes avec chaque résultat
Percentile par nombre de réponses
Votre historique - résultats
Vous n’avez pas pris ce quiz